|
|
|
|
| LEADER |
00000cam a22000004a 4500 |
| 001 |
musev2_60114 |
| 003 |
MdBmJHUP |
| 005 |
20230905050158.0 |
| 006 |
m o d |
| 007 |
cr||||||||nn|n |
| 008 |
180702s2010 nyu o 00 0 eng d |
| 020 |
|
|
|a 9781501729126
|
| 020 |
|
|
|z 9780801476853
|
| 020 |
|
|
|z 9780801439254
|
| 035 |
|
|
|a (OCoLC)1080550946
|
| 040 |
|
|
|a MdBmJHUP
|c MdBmJHUP
|
| 100 |
1 |
|
|a Nayder, Lillian,
|e author.
|
| 245 |
1 |
0 |
|a Unequal Partners :
|b Charles Dickens, Wilkie Collins, and Victorian Authorship /
|c Lillian Nayder.
|
| 264 |
|
1 |
|a Ithaca, N.Y. :
|b Cornell University Press,
|c 2010.
|
| 264 |
|
3 |
|a Baltimore, Md. :
|b Project MUSE,
|c 2019
|
| 264 |
|
4 |
|c ©2010.
|
| 300 |
|
|
|a 1 online resource (240 pages):
|b illustrations
|
| 336 |
|
|
|a text
|b txt
|2 rdacontent
|
| 337 |
|
|
|a computer
|b c
|2 rdamedia
|
| 338 |
|
|
|a online resource
|b cr
|2 rdacarrier
|
| 500 |
|
|
|a Originally published: 2002.
|
| 520 |
8 |
|
|a This book centres on the collaborative relationship between Dickens & Collins. It places their coauthored works in the context of the Victorian publishing industry, showing how their fiction & drama represent their often strained relationship.
|
| 588 |
|
|
|a Description based on print version record.
|
| 600 |
1 |
7 |
|a Dickens, Charles,
|d 1812-1870.
|2 fast
|0 (OCoLC)fst00028294
|
| 600 |
1 |
7 |
|a Collins, Wilkie,
|d 1824-1889.
|2 fast
|0 (OCoLC)fst00036789
|
| 600 |
1 |
0 |
|a Collins, Wilkie,
|d 1824-1889
|x Authorship
|x Collaboration.
|
| 600 |
1 |
0 |
|a Dickens, Charles,
|d 1812-1870
|x Authorship
|x Collaboration.
|
| 600 |
1 |
0 |
|a Collins, Wilkie,
|d 1824-1889
|x Criticism and interpretation.
|
| 600 |
1 |
0 |
|a Dickens, Charles,
|d 1812-1870
|x Criticism and interpretation.
|
| 650 |
|
7 |
|a Publishers and publishing.
|2 fast
|0 (OCoLC)fst01083463
|
| 650 |
|
7 |
|a Authorship
|x Collaboration.
|2 fast
|0 (OCoLC)fst00822444
|
| 650 |
|
7 |
|a LITERARY CRITICISM
|x European
|x English, Irish, Scottish, Welsh.
|2 bisacsh
|
| 650 |
|
0 |
|a Publishers and publishing
|z Great Britain
|x History
|y 19th century.
|
| 651 |
|
7 |
|a Great Britain.
|2 fast
|0 (OCoLC)fst01204623
|
| 655 |
|
7 |
|a History.
|2 fast
|0 (OCoLC)fst01411628
|
| 655 |
|
7 |
|a Criticism, interpretation, etc.
|2 fast
|0 (OCoLC)fst01411635
|
| 655 |
|
7 |
|a Electronic books.
|2 local
|
| 710 |
2 |
|
|a Project Muse.
|e distributor
|
| 830 |
|
0 |
|a Book collections on Project MUSE.
|
| 856 |
4 |
0 |
|z Texto completo
|u https://projectmuse.uam.elogim.com/book/60114/
|
| 945 |
|
|
|a Project MUSE - Custom Collection
|
| 945 |
|
|
|a Project MUSE - Archive Complete Supplement VII
|
| 945 |
|
|
|a Project MUSE - Archive Literature Supplement VII
|